00656cam a2200181 a 450000100100000000500170001000800410002704000250006808200140009310000530010724500400016026000420020030000280024250400420027065000300031295201170034299900150045900000426920200929151423.0710622s1967 enka b 001 0 eng  aDO-SdBNPbspacBNPHU axxbG555j1 aGleeson, G. R.q(Geoffrey Robert),d1927-91262510aJudo for the West /cG. R. Gleeson. aLondon :bKaye & Ward Limited,c1967. a207 p. :bil. ;c23 cm. aIncluye referencias bibliográficas. 4aJudo.xEnseñanza912626 001052708MOaGRbGRcHDd2009-07-20iLF1l0oxx G555jp4269-10r2020-06-25w2020-06-25y2ZPréstamo interno c4083d4083